000 01504nam a22003137i 4500
003 EG-ScBUE
005 20240523091719.0
008 220731s2023 ua o f 000 0 ara d
017 _a2023 / 14584
020 _a9789779464909
040 _aEG-ScBUE
_bara
_erda
_cEG-ScBUE
_dEG-ScBUE
043 _af-ua---
082 0 4 _222
_a347.08
_bق ا ض
100 1 _aقاضي، خالد محمد،
_d1967-
_eمؤلف.
245 1 0 _aمحكمة استئناف القاهرة :
_b140 عاما .. محرابا للعدالة، (1883-2023) /
_cتأليف وإعداد القاضي الدكتور خالد محمد القاضي، رئيس محكمة الاستئناف ؛ إشراف وتقديم القاضي الجليل، محمد حسين عبد التواب، رئيس محكمة استئناف القاهرة، عضو مجلس القضاء الأعلى.
250 _aالطبعة الأولى.
264 1 _aالقاهرة :
_bدار النهضة العربية للنشر والتوزيع،
_c2023.
300 _a495 صفحة :
_bصور ؛
_c24 سم
336 _2rdacontent
_aنص
_btxt
337 _2rdamedia
_aبدون وسيط
_bn
338 _2rdacarrier
_aمجلد
_bnc
500 _aيشتمل على ملاحق.
541 _cDonation ;
_aProf. Hassan Abdel Hamid.
650 7 _a‪محاكم الاستئناف
_zمصر.
_2BUEsh
650 7 _a‪المحاكم
_zمصر.
_2BUEsh
655 _vReading book
700 1 _aعبد التواب، محمد حسين،
_eمشرف،
_eمقدم.
942 _2ddc
999 _c30756
_d30727